Tiempos Del Cólera P70-80 - Statistics

General Stats
  • This quiz has been taken 3 times
  • The average score is 42 of 88
Answer Stats
Term Answer % Correct
Estética Aesthetics
100%
Emboscar Ambush
100%
Aristócrata Aristocrat
100%
Calvicie Baldness
100%
Rogar Beg
100%
Clérigo Clergyman
100%
Inaugurar Inaugurate
100%
Mausoleo Mausoleum
100%
Movilización Mobilisation
100%
Molde Mould
100%
Luto Mourning
100%
Apogeo Peak
100%
Insensato Senseless
100%
Caballeriza Stable
100%
Telegrama Telegram
100%
Velorio Wake
100%
Íntegro Whole
100%
Con Todo All The Same
50%
Sala De Actos Auditorium
50%
Encarnizado Bloody
50%
A La Fuerza By Force
50%
Cronista Chronicler
50%
Godo Conservative
50%
Gallera Coop
50%
Cripta Crypt
50%
Desvalido Destitute
50%
Divagar Digress
50%
Desbandar Disband
50%
Insigne Distinguished
50%
Canícula Dog Days Of Summer
50%
Carroza Float
50%
Masón Freemason
50%
Oficio Function
50%
Plasmar Give Expression To
50%
Gobernación Governing
50%
Gomina Hair Gel
50%
Empedernido Hardened
50%
Patria Homeland
50%
Acorde In Accordance With
50%
Intransigencia Intransigence
50%
Espejuelos Lenses
50%
Raso Level
50%
Clarear Lighten
50%
Aladar Lock
50%
Corozo Macaw Nut
50%
Mudanza Move
50%
Pajarita Origami Bird
50%
Parranda Out On The Town
50%
Desbordar Overflow
50%
Acolchonado Padded
50%
Patricio Patrician
50%
Penitencia Penance
50%
Patetismo Poignancy
50%
Recaudo Precaution
50%
Pedrería Precious Stones
50%
Estreno Premiere
50%
Renombre Renown
50%
Criado Servant
50%
Tropiezo Setback
50%
Concertar Set Up
50%
Naviero Shipping
50%
Bastonazo Sticking
50%
Enrarecido Strained
50%
Sobrante Surplus
50%
Puntera Toe
50%
Cerrero Uncouth
50%
Engomado Well Groomed
50%
Absceso Abscess
0%
Manta Blanket
0%
Óseo Bony
0%
Reventar Burst
0%
Pésame Condolences
0%
Profanación Desecration
0%
Celuloide Film
0%
Lampiño Hairless
0%
Intermedio Intermission
0%
Multitudinario Mass
0%
Climaterio Menopause
0%
Servicial Obliging
0%
Parcela Plot
0%
Pulmonía Pneumonia
0%
Impagable Priceless
0%
Depurado Refined
0%
Consigna Slogan
0%
Chapalear Splash Around
0%
Sustento Sustenance
0%
Barrido Swept
0%
Despavorido Terrified
0%
No matching quizzes found
Score Distribution
Percent of People with Each Score
Percentile by Number Answered
Your Score History
You have not taken this quiz